LEADER 01224nam a2200265 i 4500 001 000000155180 003 CaOOAMICUS 005 20061103000000.0 008 061103s1999 it u000 u ita u 013 $a132529 040 $aSeMil$bita 245 13$aIl nostro modo di dare gli Esercizi :$bindicazioni e orientamenti sul ministero degli Esercizi Spirituali. 260 $aNapoli :$bCentro Ignaziano di Spiritualitą,$c1999. 300 $a86 p. ;$c21 cm. 490 0 $aAppunti di spiritualitą ;$v48 500 $aFondo Card. C.M. Martini. 600 04$aIgnazio : di Loyola .$0(OLS)http://semarc/subject/467 700 1 $aCIS .$0(OLS)http://semarc/name/7706 830 0$aAppunti di spiritualitą ;$v48.$0(OLS)http://semarc/title/12746 850 $aSeMil 852 $aSeMil$W1$xVenegono$y1$m2C IV 483$j107020$B107020$CSeMilBibl$Z2$F116333 $81 941 1 $a4 961 $aOmaggio: Martini Card. Carlo Maria 996 $6245$aIl nostro modo di dare gli Esercizi :$bindicazioni e orientamenti sul ministero degli Esercizi Spirituali$9(OLS)http://semarc/title/227226 996 $6260$aNapoli :$bCentro Ignaziano di Spiritualitą$9(OLS)http://semarc/publisher/32631 LEADER 01220nam a2200229 4500 001 000000359321 003 CaOOAMICUS 005 20240820150159.0 008 240809s1785 it 000 u ita r 040 $aSeMil$bita 110 21$aConsorzio della Misericordia .$0(OLS)http://semarc/name/120172 245 10$aRaccolta dei privilegi e prerogative del Consorzio della Misericordia Maggiore (18 marzo 1738) 264 1$c([Milano], 1785) 300 $a69, [1] p. ;$c4° 500 $aSegn.: A-F? 500 $aTitolo desunto dall'incipit del testo: Avendo determinato gl'illustrissimi signori Rettore, e Deputati dell'Illustrissimo Consorzio della Misericordia di Milano eretto in P. C. P. di S. Protaso a' monaci, che si facci una raccolta de privilegi, e prerogative del medesimo Consorzio ... 500 $aData di pubblicazione presunta a p. 69 850 $aSeMil 852 $aSeMil$W1$xVenegono$y1$m3Z VI 7/1 FA$j250229$B250394$CSeMilBibl$Z2$F250394 $8I 996 $6245$aRaccolta dei privilegi e prerogative del Consorzio della Misericordia Maggiore (18 marzo 1738)$9(OLS)http://semarc/title/449771 996 $6264$a[S.l.] :$b[s.n.]$9(OLS)http://semarc/publisher/0